Evidence in Civil Law - Spain (Record no. 62392)
[ view plain ]
| 000 -LEADER | |
|---|---|
| fixed length control field | 01242nam a2200241Ii 4500 |
| 008 - FIXED-LENGTH DATA ELEMENTS--GENERAL INFORMATION | |
| fixed length control field | 221202s xx 000 0 und d |
| 100 1# - MAIN ENTRY--PERSONAL NAME | |
| Personal name | Mallandrich Miret, Núria, |
| Relator term | author |
| 245 #0 - TITLE STATEMENT | |
| Title | Evidence in Civil Law - Spain |
| 264 ## - PRODUCTION, PUBLICATION, DISTRIBUTION, MANUFACTURE, AND COPYRIGHT NOTICE | |
| Name of producer, publisher, distributor, manufacturer | Institute for Local Self-Government and Public Procurement Maribor |
| Date of production, publication, distribution, manufacture, or copyright notice | 2015 |
| 300 ## - PHYSICAL DESCRIPTION | |
| Extent | 1 online resource (35 pages) |
| 336 ## - CONTENT TYPE | |
| Content type term | text |
| Content type code | txt |
| Source | rdacontent |
| 337 ## - MEDIA TYPE | |
| Media type term | computer |
| Media type code | c |
| Source | rdamedia |
| 338 ## - CARRIER TYPE | |
| Carrier type term | online resource |
| Carrier type code | cr |
| Source | rdacarrier |
| 490 ## - SERIES STATEMENT | |
| Series statement | Law & Society |
| 520 ## - SUMMARY, ETC. | |
| Summary, etc. | This work presumes to be an introduction for the foreign reader to Spanish regulations in regard to evidence. It has been structured following a classic design in the Spanish academic literature with the aim to approach the reader to the Spanish legal way of thinking. With the same goal it a starting Chapter that analyzes the different principles that lead Spanish Civil Procedure has been included. |
| 653 ## - INDEX TERM--UNCONTROLLED | |
| Uncontrolled term | Civil Procedure |
| 653 ## - INDEX TERM--UNCONTROLLED | |
| Uncontrolled term | Fundamental Principles Of The Procedure |
| 653 ## - INDEX TERM--UNCONTROLLED | |
| Uncontrolled term | Means Of Proof |
| 653 ## - INDEX TERM--UNCONTROLLED | |
| Uncontrolled term | Ordinary Proceedings |
| 653 ## - INDEX TERM--UNCONTROLLED | |
| Uncontrolled term | Spain |
| 856 ## - ELECTRONIC LOCATION AND ACCESS | |
| Uniform Resource Identifier | <a href="https://library.oapen.org/bitstream/20.500.12657/31992/1/620440.pdfhttp://library.oapen.org/handle/20.500.12657/31992">https://library.oapen.org/bitstream/20.500.12657/31992/1/620440.pdfhttp://library.oapen.org/handle/20.500.12657/31992</a> |
| 942 ## - ADDED ENTRY ELEMENTS (KOHA) | |
| Koha item type | E-Book |
| Withdrawn status | Damaged status | Not for loan | Home library | Current library | Date acquired | Total Checkouts | Date last seen | Price effective from | Koha item type |
|---|---|---|---|---|---|---|---|---|---|
| Directory of Open Access Books | Directory of Open Access Books | 11/28/2022 | 11/28/2022 | 11/28/2022 | E-Book |